00585nam a2200217Ia 450000500170000000800410001702000150005808200190007310000170009224500230010926000430013230000150017565000130019065000130020365000140021665000100023065000110024094200060025195200950025799900150035220250317050359.0240331s9999 xx 000 0 und d a817030363X a301bRAT25095 aRatnapala, N 0aBuddhist Sociology aDelhi,bSri Satguru Publicationsc1993 ax, 205 p., aBuddhism aPolitics aEconomics aWomen aFamily cL 001040708LaWERCLbWERCLcSSCd2024-03-31l0o 301 RATp5095r2024-03-31w2024-03-31yL c1028d1028